Europäische Geschichte nach Buchstaben - R - Statistiken

Allgemein
  • Dieses Quiz wurde 64 mal gespielt
  • Das Durchschnittsergebnis liegt bei 11 aus 20
Antwortstatistiken
Hinweis Antwort % Korrekt
Ewige Stadt, die in der Antike Hauptstadt eines das Mittelmeer umfassenden Reiches war Rom
100%
Osteuropäischer Staat, welcher von Zaren regiert wurde und Sibirien kolonisierte Russland
91%
Bezeichnung für die Übergangsperiode zwischen Mittelalter und Neuzeit, die von einer Wiederentdeckung der klassischen Antike gekennzeichnet war Renaissance
88%
In diesem Land wurde 1989 Diktator Nicolae Ceaușescu gestürzt und hingerichtet Rumänien
86%
Diese gepanzerten Reiter sind emblematisches Symbol des europäischen Mittelalters Ritter
83%
Kulturepoche des 19. Jhd mit Betonung der Emotion, der Sehnsucht und des Unbewussten, sowie Idealisierung des Mittelalters (Chopin, Byron, Novalis, Schubert) Romantik
78%
Durch Martin Luther ausgelöste Abspaltung protestantischer Kirchen aus der katholischen Kirche Reformation
76%
Armee der Sowjetunion, welche im Zweiten Weltkrieg die deutsche Invasion abwehren konnte Rote Armee
76%
Jakobinischer Politiker der Französischen Revolution und führendes Mitglied des Wohlfahrtsausschusses in der Zeit des Terrors Maximilien de Robespierre
59%
Kulturepoche zwischen Barock und Klassizismus mit Fokus auf Verspieltheit und Anmut Rokoko
59%
Baustil des Hochmittelalters mit charakteristischen Rundbögen (Dom von Speyer, Hildesheim, Osnabrück etc.) Romanik
53%
Im Dom dieser französischen Stadt wurden traditionell die Könige Frankreichs gekrönt Reims
50%
1806 durch Napoleon geschaffener Staatenbund, der weite Teile Deutschlands umfasste Rheinbund
47%
Diese italienische Stadt war Hauptstadt des weströmischen Reiches, des Ostgotenreiches und des byzantinischen Exarchat in Italien Ravenna
43%
Englischer Bürgerkrieg zwischen den Häuser York und Lancaster Rosenkriege
31%
Bedeutender Philosoph der Aufklärung, Autor von Werken über den Gesellschaftsvertrag, den Ursprung der Ungleichheit oder Laisse-Faire-Erziehung Jean‑Jacques Rousseau
29%
Halblegendärer Wikingeranführer, der 845 Paris plünderte und Vater der Anführer des "Großen Heidnischen Heeres" in England gewesen sein soll Ragnar Lodbrok
21%
Bezeichnung für den Versuch, nach der Niederlage Napoleons zum Absolutismus zurückzukehren, insbesondere durch Metternich Restaurationspolitik
16%
Britische Wissensschaftsgesellschaft, der große Wissenschaftler wie Isaac Newton, Humphry Davy oder Lord Kelvin angehörten Royal Society
16%
Bezeichnung für die Wiedervereinigung Italiens mit Protagonisten wie Garibaldi oder Victor Emmanuel II Risorgimento
12%
Keine übereinstimmenden Quizze gefunden
Verteilung der Resultate
Anzahl Personen mit jedem Resultat
Perzentil nach korrekt beantworteten Fragen
Ihre Resultats-Entwicklung
Sie haben dieses Quiz noch nicht gespielt